[Event "Grosseto 1st"]
[Site "Grosseto"]
[Date "2009.02.02"]
[Round "3"]
[White "Humeau, Cyril"]
[Black "Dicicco, Daniela"]
[Result "1-0"]
[WhiteElo "2203"]
[BlackElo "2024"]
[PlyCount "159"]
[EventDate "2009.02.01"]
[EventType "tourn"]
[EventRounds "9"]
[EventCountry "ITA"]
[SourceTitle "CBM 128 Extra"]
[Source "ChessBase"]
[SourceDate "2009.03.05"]
[SourceVersion "2"]
[SourceVersionDate "2009.03.25"]
[SourceQuality "1"]

1. e4 e6 2. d4 d5 3. e5 c5 4. Nc3 cxd4 5. Nb5 Nc6 6. Nf3 Bc5 7. a3 Nge7 8. b4 Bb6 9. Nd6+ Kf8 10. Bb5 Nxe5 11. Nxe5 Qxd6 12. Bf4 Qd8 13. Qh5 Ng6 14. Nxg6+ fxg6 15. Qf3 Kg8 16. 0-0 Bd7 17. Bd3 Rc8 18. Qg3 Kf7 19. Bg5 Qf8 20. Bf4 Bd8 21. Bd6 Be7 22. Be5 Bf6 23. Qf4 Qd8 24. a4 Rf8 25. b5 Qa5 26. h3 Kg8 27. Qxd4 Bxe5 28. Qxe5 Qc3 29. f4 Rc7 30. g3 Rfc8 31. Rfe1 Qxe5 32. Rxe5 Kf7 33. Kf2 Ke7 34. Ke3 a5 35. bxa6 bxa6 36. Bxa6 Ra8 37. Bd3 Rxa4 38. Rb1 Kd6 39. h4 Ra8 40. Rb6+ Kc5 41. Rb1 Ra4 42. h5 gxh5 43. Bxh7 Rb4 44. Rxb4 Kxb4 45. Rxh5 Kc3 46. Bd3 Ba4 47. Rh2 d4+ 48. Ke4 Rc5 49. Kf3 Bc6+ 50. Kg4 Bb5 51. Be4 Bc6 52. Bd3 Bb5 53. Bg6 Bd7 54. Rh7 e5+ 55. f5 e4 56. Rxg7 Bc8 57. Kf4 e3 58. Re7 Rc6 59. g4 Kd2 60. g5 e2 61. Rxe2+ Kxe2 62. f6 Be6 63. Bd3+ Kd2 64. g6 Bf7 65. Kg5 Bd5 66. f7 Rc8 67. Kf6 Bxf7 68. gxf7 Rxc2 69. Bxc2 Kxc2 70. f8Q d3 71. Ke5 d2 72. Qc5+ Kb1 73. Qb4+ Kc2 74. Qc4+ Kb1 75. Qd3+ Kc1 76. Qc3+ Kd1 77. Ke4 Ke2 78. Qf3+ Ke1 79. Ke3 d1Q 80. Qf2# 1-0